00916nam a2200241 a 450000100100000000500170001000800410002702000150006804000250008308200130010810000270012124000190014824501050016726000320027230000280030449000500033250400260038270000440040870000370045283000570048995201110054699900170065700004243520201002040144.0130902s1984 sp a 000 0 spa d a8434581698 aDO-SdBNPbspacBNPHU axxxbxxx1 aOppermann, Hans96957910aCaesarlAleman10aJulio Cesar /cHans Oppermann; prólogo, Agustín Gárcia Calvo; traducción, Rosa Pilar Blanco. aBarcelona :bSalvat,c1984. a221 p. :bil. ;c20 cm.1 aBiblioteca Salvat de grandes biografíasv24 aBibliografía p: 2211 aGárcia Calvo, Agustíneprol.9695801 aBlanco, Rosa Pilaretrad.969581 0aBiblioteca Salvat de grandes biografíasv24942025 001050718MOaGRbGRcCTd2013-12-02iLF1l0oxxx xxxp42435-10r2020-06-25w2020-06-25y1ZNo se presta c41924d41924